=LDR 00000nam 2200000 4500 =001 INLIS000000000031738 =005 20130612133807 =008 ***********************************ind** =035 ##$$0010-061300000031738 =041 ##$$a ind =082 ##$$a 495.115 =090 ##$$a 495.115, Tir p =100 ##$$a Tirtobisono, Robby =245 ##$$a Percakapan Praktis Bahasa Mandarin, Robby Tirtobisono =260 ##$$a (202) $b Surabaya =300 ##$$a 151 hlm, 21 cm =650 ##$$a BAHASA CINA-PERCAKAPAN =850 ##$$a NBPNMAT =990 ##$$a 0001/BPAP-NTB/20142014 =990 ##$$a 0001/BPAP-NTB/2016 =990 ##$$a 0001/BPAP-NTB/2016